| 000 | 00550nam a2200193 a 4500 | ||
|---|---|---|---|
| 005 | 20140310183426.0 | ||
| 008 | 071002s19uu xx 00 eng d | ||
| 020 | _a9780745634760 | ||
| 050 |
_aPN 1993.7 _b.H38 2007 |
||
| 100 | _aHarbord, Janet | ||
| 245 |
_aThe Evolution of Film : _brethinking film studies / _cJanet Harbord |
||
| 260 |
_aU.S.A : _bPolity Press, _c2007. |
||
| 300 |
_a198 p. : _c22 cm. |
||
| 521 | _aMC | ||
| 650 |
_aMotion pictures _xPhilosophy. |
||
| 650 | _aMotion pictures plays. | ||
| 942 |
_cBK _2lcc _kFOR |
||
| 999 |
_c22648 _d22648 |
||